• AIU
  • Tony Wilmot Memorial Library

Ibibilia indakatifu : (Record no. 67919)

MARC details
000 -LEADER
fixed length control field 00992cam a2200301 i 4500
001 - CONTROL NUMBER
control field 20043171
003 - CONTROL NUMBER IDENTIFIER
control field OSt
005 - DATE AND TIME OF LATEST TRANSACTION
control field 20240520152910.0
008 - FIXED-LENGTH DATA ELEMENTS--GENERAL INFORMATION
fixed length control field 171002s2016 ke a 000 0 bnt
010 ## - LIBRARY OF CONGRESS CONTROL NUMBER
LC control number 2016343736
020 ## - INTERNATIONAL STANDARD BOOK NUMBER
International Standard Book Number 9789966483089
040 ## - CATALOGING SOURCE
Original cataloging agency DLC
Language of cataloging eng
Transcribing agency DLC
Description conventions rda
042 ## - AUTHENTICATION CODE
Authentication code lcode
-- pcc
050 00 - LIBRARY OF CONGRESS CALL NUMBER
Classification number BS325.L9
Item number 2016
130 0# - MAIN ENTRY--UNIFORM TITLE
Uniform title Bible.
Language of a work Luyia.
Date of a work 2016.
9 (RLIN) 56196
245 10 - TITLE STATEMENT
Title Ibibilia indakatifu :
Remainder of title indakano ikhulu nende imbi Mululuyia lwa Abamarama, Abashisa, Abatsotso nende Abawanga.
260 ## - PUBLICATION, DISTRIBUTION, ETC. (IMPRINT)
Place of publication, distribution, etc Nairobi, Kenya :
Name of publisher, distributor, etc Bible Society of Kenya,
Date of publication, distribution, etc c2016.
300 ## - PHYSICAL DESCRIPTION
Extent vii, 1418, 480 pages :
Other physical details illustrations ;
Dimensions 22 cm
500 ## - GENERAL NOTE
General note [Africana].
520 ## - SUMMARY, ETC.
Summary, etc Holy bible in Luyia.
546 ## - LANGUAGE NOTE
Language note In Luyia.
630 ## - SUBJECT ADDED ENTRY--UNIFORM TITLE
Uniform title Bible. Luyia.
9 (RLIN) 56197
650 #0 - SUBJECT ADDED ENTRY--TOPICAL TERM
Topical term or geographic name as entry element Luyia language
Form subdivision Texts.
9 (RLIN) 56198
710 2# - ADDED ENTRY--CORPORATE NAME
Corporate name or jurisdiction name as entry element Bible Society of Kenya.
9 (RLIN) 55779
906 ## - LOCAL DATA ELEMENT F, LDF (RLIN)
a 7
b cbc
c origode
d 2
e ncip
f 20
g y-gencatlg
942 ## - ADDED ENTRY ELEMENTS (KOHA)
Source of classification or shelving scheme Library of Congress Classification
Koha item type Africana collection ( Reference)
Holdings
Withdrawn status Lost status Source of classification or shelving scheme Damaged status Not for loan Collection code Home library Current library Shelving location Date acquired Source of acquisition Cost, normal purchase price Total Checkouts Full call number Barcode Date last seen Copy number Price effective from Koha item type
    Library of Congress Classification     Reference AIU/NEGST - Tony Wilmot Memorial Library AIU/NEGST - Tony Wilmot Memorial Library Reference 10/30/2023 Donation - Prof. Robert Priest. 10.84   REF BS 325.L9 2016 T17048W3232 05/20/2024 1 05/20/2024 Africana collection ( Reference)